000 00213 a2200097 4500
001 25822
100 _aSidhwa, J B
245 _aTextbook of Inorganic Chemistry
260 _a
_bIqbal Pub
_c
090 _c17449
_d17449
942 _aNUST-CAE
_cM
_c8279
999 _c260895
_d260895